000 00282nam a2200133 i 4500
001 bg
245 0 _aProblemy kosmiceskoj fiziki.
250 _aWyd.12.
260 _aKijów,
_c1977.
040 _cBPK
041 _apol
942 _cKS
008 s pl f |000 0 pol
999 _c27912
_d27912
856 _uhttp://koha.tu.koszalin.pl/cgi-bin/koha/opac-detail.pl?biblionumber=27912
_yKatalog online BPK